<?xml version="1.0" encoding="UTF-8"?>
<record
    xmlns:xsi="http://www.w3.org/2001/XMLSchema-instance"
    xsi:schemaLocation="http://www.loc.gov/MARC21/slim http://www.loc.gov/standards/marcxml/schema/MARC21slim.xsd"
    xmlns="http://www.loc.gov/MARC21/slim">

  <leader>00509    a2200169   4500</leader>
  <controlfield tag="005">20260316120253.0</controlfield>
  <controlfield tag="008">260316b        |||||||| |||| 00| 0 eng d</controlfield>
  <datafield tag="020" ind1=" " ind2=" ">
    <subfield code="a">9781836080770</subfield>
  </datafield>
  <datafield tag="040" ind1=" " ind2=" ">
    <subfield code="c">SDCL</subfield>
  </datafield>
  <datafield tag="041" ind1=" " ind2=" ">
    <subfield code="2">eng</subfield>
    <subfield code="a">eng</subfield>
  </datafield>
  <datafield tag="084" ind1=" " ind2=" ">
    <subfield code="a">X9(J).2'P R5</subfield>
  </datafield>
  <datafield tag="245" ind1=" " ind2=" ">
    <subfield code="a">Growth, Poverty and Developmental Aspects of Agriculture: Countries' Perspectives</subfield>
  </datafield>
  <datafield tag="260" ind1=" " ind2=" ">
    <subfield code="a">Wellington :</subfield>
    <subfield code="b">Emerald Publishing Limited,</subfield>
    <subfield code="c">2024.</subfield>
  </datafield>
  <datafield tag="300" ind1=" " ind2=" ">
    <subfield code="a">xxx, 258p.</subfield>
  </datafield>
  <datafield tag="700" ind1=" " ind2=" ">
    <subfield code="a">Das, Ramesh Chandra ed.</subfield>
    <subfield code="9">812427</subfield>
  </datafield>
  <datafield tag="942" ind1=" " ind2=" ">
    <subfield code="c">TEXL</subfield>
    <subfield code="2">CC</subfield>
  </datafield>
  <datafield tag="999" ind1=" " ind2=" ">
    <subfield code="c">1715068</subfield>
    <subfield code="d">1715068</subfield>
  </datafield>
  <datafield tag="952" ind1=" " ind2=" ">
    <subfield code="0">0</subfield>
    <subfield code="1">0</subfield>
    <subfield code="2">CC</subfield>
    <subfield code="4">0</subfield>
    <subfield code="6">X9J2P_R5</subfield>
    <subfield code="7">0</subfield>
    <subfield code="9">1647506</subfield>
    <subfield code="a">SDCL</subfield>
    <subfield code="b">SDCL</subfield>
    <subfield code="d">2026-03-10</subfield>
    <subfield code="e">29</subfield>
    <subfield code="g">7675.52</subfield>
    <subfield code="i">6534 &amp; 09/12/2025</subfield>
    <subfield code="l">0</subfield>
    <subfield code="o">X9(J).2'P R5</subfield>
    <subfield code="p">SC1809538</subfield>
    <subfield code="r">2026-03-10 00:00:00</subfield>
    <subfield code="v">9594.40</subfield>
    <subfield code="w">2026-03-10</subfield>
    <subfield code="y">TEXL</subfield>
  </datafield>
</record>
